000 00855nam a2200241Ia 4500
003 OSt
005 20250627123640.0
008 191128s1999 ck er 000 p spa d
020 _a9592600147
040 _aCO-JMCR
_cCO-JMCR
041 _aspa
082 0 4 _aA-P
_bFERd
100 1 _aFernandez de Assis, Cecy,
_eautora
_98777
245 1 0 _aDebo del es /
_cCecy Fernandez de Assis
260 _aBogotá :
_bFondo Editorial Casa de las Américas,
_c1999
300 _a141 páginas ;
_c22 cm.
490 0 _aColección arte de nuestra américa
500 _aIncluye datos biográficos del autor en solapa posterior.
505 _aVi en el … -- Nuevo reino -- Soy ardua arena - Machacados de gozo -- Pimba, el tiempo caduca dolencia y -- Paño de fundo -- Actantes -- El monte
534 _pDebo do é
650 1 4 _aPoesía
_98778
942 _2ddc
_cBK
999 _c3816
_d3816